Estatísticas para Regiões de Portugal

Clique aqui para jogar o quiz

Estatísticas Gerais

  • Esse quiz foi jogado 283 vezes
  • A pontuação média é 5 de 7

Respostas no mapa

Respostas codificadas por cores de uma escala verde-vermelha no mapa do quiz de acordo com a % correta abaixo.
 

Estatísticas das Respostas

Região% Correto
{Lisboa} Região
92%
Madeira
89%
Algarve
85%
{Norte} Região
84%
{Centro} Região
80%
{Alentejo} Região
76%
Azores
38%

Distribuição das Pontuações

Percentil de Números Respondidos

Porcentagem de Pessoas com Cada Pontuação

Sua Pontuação Histórica

Você não jogou esse quiz